000 00470nam a22001697a 4500
003 LK-CoDNM
005 20241122105411.0
008 241119b |||||||| |||| 00| 0 eng
040 _aLK-CoDNM
_dLK-CoDNM
_eLK-CoDNM
041 _aeng
080 _aPN
_b1.1
245 _aNews And Views From The Soviet Union
_cNo 29
_bVol xix 1960
260 _aBarakhamba road new delhi , phone gram "sovinform"
300 _a11p. ; ill ; 25 cm
650 _aPN 1.1
942 _cBK
999 _c232117
_d232117